00813nam a22001695i 4500001000700000003000900007005001700016008004100033100002200074245013800096260006200234300002100296500010000317700002400417700002400441852017800465170746ES-MaACL20230906214441.0090402s1869 sp |||| | spa d1 aFotún, Tomás.13aEl robo de Elena b: zarzuela bufa en tres actos / carreglada á la música de Offembach por Tomás Fortún y Miguel Pastorfido. aMadrid : b[s.n.], c1869 (fImpr. de José Rodríguez) a75 p. ; c19 cm. aEn port.: Representada por primera vez en el Teatro de la Zarzuela el día 29 de mayo de 1869.1 aPastorfido, Miguel.0 aOffembach, Jacques. aES-MaACLjF-8559(2) zEnc. pasta española q.- Falto de la cub. originalz.- Enc. en un vol. facticio, formando parte de la col. facticia "Teatro español moderno", v. 11